United States - Groups of 5 - Statistics

General Stats
  • This quiz has been taken 369 times
    267 since last reset
  • The average score is 32 of 40
Answer Stats
Hint Answer % Correct
Most Populated City - 1 New York City
98%
Most Popular Sport - 1 American Football
97%
Most Popular Sport - 4 Soccer
97%
Most Popular Sport - 3 Baseball
96%
Most Spoken Language - 1 English
96%
Most Populated City - 2 Los Angeles
96%
Most Spoken Language - 3 Spanish
96%
Presidents - 3 Barack Obama
95%
Least Populated State - 3 Alaska
93%
Largest State by Area - 1 Alaska
93%
Most Popular Sport - 2 Basketball
93%
Presidents - 1 Joe Biden
93%
Presidents - 2 Donald Trump
92%
Largest State by Area - 2 Texas
92%
Presidents - 4 George W. Bush
90%
Largest State by Area - 3 California
89%
Most Populated City - 3 Chicago
88%
Presidents - 5 Bill Clinton
87%
Visitor Country - 1 Mexico
84%
Broadcast TV Networks - 3 ABC
83%
Broadcast TV Networks - 1 NBC
83%
Visitor Country - 3 United Kingdom
83%
Most Popular Sport - 5 Ice Hockey
82%
Largest State by Area - 4 Montana
82%
Most Populated City - 4 Houston
79%
Least Populated State - 1 Wyoming
79%
Visitor Country - 2 Canada
78%
Broadcast TV Networks - 4 Fox
78%
Most Spoken Language - 2 French
78%
Most Spoken Language - 4 Chinese languages
75%
Broadcast TV Networks - 2 CBS
74%
Visitor Country - 5 China
74%
Least Populated State - 4 North Dakota
73%
Least Populated State - 5 South Dakota
72%
Visitor Country - 4 Japan
71%
Least Populated State - 2 Vermont
56%
Largest State by Area - 5 New Mexico
52%
Most Populated City - 5 Phoenix
48%
Most Spoken Language - 5 Vietnamese
26%
Broadcast TV Networks - 5 The CW
10%
No matching quizzes found
Score Distribution
Percent of People with Each Score
Percentile by Number Answered
Your Score History
You have not taken this quiz since the last reset